000 01862cam a22004454a 4500
001 7923639
003 ARRUPE
005 20140529020004.0
008 050921s2005 enka b 001 0 eng
010 _a 2005027741
020 _a0192853929 (alk. paper)
020 _a9780192853929
035 _a(OCoLC)ocm61704761
035 _a(NNC)7923639
040 _aDLC
_cDLC
_dBAKER
_dBWKUK
_dEUW
_dIXA
_dXVF
_dNLGGC
_dYDXCP
_dBTCTA
_dIG#
_dCOO
_dCHA
_dOCLCQ
042 _apcc
050 0 0 _aQP376
_b.O84 2005
082 0 0 _a612.8/2
_222
084 _a77.50
_2bcl
100 1 _aO'Shea, Michael,
_d1947-
_99792
245 1 4 _aThe brain :
_ba very short introduction /
_cMichael O'Shea.
260 _aOxford ;
_aNew York :
_bOxford University Press,
_c2005.
300 _axii, 136 p. :
_bill. ;
_c18 cm.
490 1 _aVery short introductions ;
_v144
504 _aIncludes bibliographical references (p. 125-127) and index.
505 0 _aThinking about the brain -- From humours to cells : components of mind -- Signalling in the brain : getting connected -- From the big bang to the big brain -- Sensing, perceiving, and acting -- Memories are made of this -- Broken brain : invention and intervention.
650 0 _aBrain.
_99793
650 0 _aNeurosciences.
_99794
650 7 _aCerebro.
_2bidex
_99795
650 1 7 _aHersenen.
_2gtt
_99796
650 2 _aBrain.
_99797
830 0 _aVery short introductions ;
_v144.
_99798
856 4 1 _3Table of contents only
_uhttp://www.loc.gov/catdir/toc/ecip0519/2005027741.html
856 4 2 _3Publisher description
_uhttp://www.loc.gov/catdir/enhancements/fy0638/2005027741-d.html
856 4 2 _3Contributor biographical information
_uhttp://www.loc.gov/catdir/enhancements/fy0724/2005027741-b.html
942 _2lcc
_cMONOGRAPH
_02
948 1 _a20100831
_bc
_crad1
_dMPS
948 2 _a20100831
_ba
_crad1
_dMPS
999 _c120389
_d120389